| 000 | 00615nam a2200181Ia 4500 | ||
|---|---|---|---|
| 008 | 100917s9999 xx 000 0 und d | ||
| 082 | _b48765 | ||
| 100 | _aबेहरे तुलसी | ||
| 245 | _aसव्हेअर आणि इतर अेकांकिका | ||
| 260 |
_bजागर प्रकाशन _c1978 |
||
| 300 | _a80 | ||
| 365 | _b10 | ||
| 520 | _aनाटक | ||
| 630 | _aसव्हेअर आणि इतर अेकांकिका | ||
| 650 | _aनाटक | ||
| 730 | _aसव्हेअर आणि इतर अेकांकिका | ||
| 942 | _cBOOK | ||
| 999 |
_c654159 _d654156 |
||